000
00485nam a2200181Ia 4500
008
100917s9999 xx 000 0 und d
082
_b
2608
100
_a
गांधी महात्मा
245
_a
पौसन प्रदीप
260
_b
---
_c
1849
300
_a
90
365
_b
0.5
520
_a
वैद्यक
630
_a
पौसन प्रदीप
650
_a
वैद्यक
730
_a
पौसन प्रदीप
942
_c
BOOK
999
_c
608002
_d
607999